[Event "Vaxjo op"]
[Site "Vaxjo"]
[Date "2015.02.14"]
[Round "6"]
[White "Lotinac, Seid"]
[Black "Johansson, Krister"]
[Result "1/2-1/2"]
[WhiteElo "1471"]
[BlackElo "1575"]
[PlyCount "64"]
[EventDate "2015.02.13"]
[EventType "swiss"]
[EventRounds "8"]
[EventCountry "SWE"]
[SourceTitle "CBM 164 Extra"]
[Source "ChessBase"]
[SourceDate "2015.03.02"]
[SourceVersion "1"]
[SourceVersionDate "2015.03.02"]
[SourceQuality "1"]

1. e4 d5 2. exd5 Qxd5 3. Nc3 Qd6 4. Nf3 Nf6 5. d3 Bg4 6. g3 g6 7. Bg2 Bg7 8. Bf4 Qd7 9. 0-0 0-0 10. Qd2 Bxf3 11. Bxf3 c6 12. Rfe1 Re8 13. Rab1 Na6 14. Ne4 Nxe4 15. Rxe4 Nc7 16. b3 Nd5 17. Be5 f6 18. Bb2 f5 19. Re2 Bxb2 20. Rxb2 Rad8 21. Rb1 Qd6 22. Rbe1 e5 23. c4 Nf6 24. Qg5 Kg7 25. Bg2 Re6 26. h3 Rde8 27. Qe3 a6 28. Rd2 Nd7 29. Red1 Qd4 30. Qf3 Nf6 31. Qe2 h6 32. Kh1 g5 1/2-1/2